000 00501nam a2200169 i 4500
001 135029
003 ES-MaACL
005 20230906194807.0
007 t|
008 070705s1958 sp ||||1| cat d
100 1 _aThomàs Sabater, Joan Maria.
_9110056
245 1 0 _aProcessio nuptialis /
_cJuan María Thomas.
260 _aPalma de Mallorca :
_bCapella Classica,
_c[1958]
300 _a8 p. ;
_c22 cm.
710 0 0 _aCapella Clàssica (Mallorca)
_92432
852 _aES-MaACL
_j2061-F-26
_bR.60555
999 _c135029
_d135029